|
|
|
|
| LEADER |
02030nam a2200493 a 4500 |
| 001 |
nkc20122431123 |
| 003 |
CZ PrNK |
| 005 |
20130131090642.0 |
| 007 |
ta |
| 008 |
121205s2012 xr a e p 000 0 cze |
| 015 |
|
|
|a cnb002431123
|
| 020 |
|
|
|a 978-80-7375-663-5
|q (brož.)
|
| 035 |
|
|
|a (OCoLC)823822008
|
| 040 |
|
|
|a ABA001
|b cze
|
| 043 |
|
|
|a e-xr---
|
| 072 |
|
7 |
|a 35.07
|x Organizace a řízení veřejné správy
|2 Konspekt
|9 15
|
| 072 |
|
7 |
|a 37.016
|x Učební osnovy. Vyučovací předměty. Učebnice
|2 Konspekt
|9 22
|
| 080 |
|
|
|a 35.077
|2 MRF
|
| 080 |
|
|
|a 35
|2 MRF
|
| 080 |
|
|
|a (437.3)
|2 MRF
|
| 080 |
|
|
|a (048.8:082)
|2 MRF
|
| 100 |
1 |
|
|a Mervartová, Jana,
|d 1965-
|7 jo2004232779
|4 aut
|
| 245 |
1 |
0 |
|a Správní řízení a jeho aplikace ve veřejné správě /
|c Jana Mervartová
|
| 250 |
|
|
|a 1. vyd.
|
| 260 |
|
|
|a Brno :
|b Mendelova univerzita v Brně,
|c 2012
|
| 300 |
|
|
|a 163 s. :
|b il. ;
|c 30 cm
|
| 500 |
|
|
|a Na obálce: Mendelova univerzita v Brně, Provozně ekonomická fakulta
|
| 500 |
|
|
|a 180 výt.
|
| 504 |
|
|
|a Obsahuje bibliografii
|
| 650 |
0 |
7 |
|a správní řízení
|7 ph125982
|z Česko
|2 czenas
|
| 650 |
0 |
7 |
|a veřejná správa
|7 ph127076
|z Česko
|2 czenas
|
| 650 |
0 |
9 |
|a administrative procedure
|z Czechia
|2 eczenas
|
| 650 |
0 |
9 |
|a public administration
|z Czechia
|2 eczenas
|
| 655 |
|
7 |
|a učebnice vysokých škol
|7 fd133772
|2 czenas
|
| 655 |
|
9 |
|a textbooks (higher)
|2 eczenas
|
| 710 |
2 |
|
|a Mendelova univerzita.
|b Provozně ekonomická fakulta
|7 kn20100419009
|
| 910 |
2 |
|
|a BOA001
|b 4-1296.270
|
| 990 |
|
|
|a BK
|
| 995 |
|
|
|a 01
|
| 991 |
|
|
|b 201301
|c NOV
|j 35 MER
|e n
|
| 996 |
6 |
|
|b 2610532202
|c 4-1296.270
|l MZK
|r Sklad / do 1 hodiny
|n 3
|p p.v.
|w 001303492
|u 000010
|a 1
|e BOA001
|j MZK50
|s P
|
| 996 |
7 |
|
|b 2610532203
|c 4-1296.270
|l MZK
|r Sklad / do 1 hodiny
|n 9
|p p.v.
|w 001303492
|u 000020
|a 1
|e BOA001
|j MZK50
|s A
|
| 996 |
7 |
|
|b 2610537454
|c 4-1296.270
|l MZK
|r Sklad / do 1 hodiny
|n 7
|p kup
|w 001303492
|u 000030
|a 1
|e BOA001
|j MZK50
|s A
|
| 996 |
7 |
|
|b 2610537455
|c 4-1296.270
|l MZK
|r Sklad / do 1 hodiny
|n 9
|p kup
|w 001303492
|u 000040
|a 1
|e BOA001
|j MZK50
|s A
|